20 Largest cities in United Kingdom - Statistics

General Stats
  • This quiz has been taken 67 times
  • The average score is 12 of 20
Answer Stats
Population Answer % Correct
8,961,989 London
100%
864,122 Liverpool
98%
395,515 Manchester
97%
984,333 Birmingham
90%
591,620 Glasgow
89%
464,990 Edinburgh
87%
455,123 Leeds
85%
447,287 Cardiff
77%
685,368 Sheffield
66%
617,280 Bristol
63%
321,500 Nottingham
53%
300,352 Swansea
50%
359,262 Coventry
48%
508,916 Leicester
48%
314,018 Kingston upon Hull
44%
335,415 Sunderland
32%
299,310 Bradford
31%
372,775 Stoke-on-Trent
29%
313,332 Preston
11%
306,844 Newport
5%
No matching quizzes found
Score Distribution
Percent of People with Each Score
Percentile by Number Answered
Your Score History
You have not taken this quiz